Statystyki dla Państwa, w których Islam wyznaje co najmniej 50% ludzi.

Kliknij tutaj aby rozwiązać quiz!

Ogólne statystyki

  • Ten quiz został rozwiązany 454 razy
  • Średni wynik to 35 z 51

Statystyki odpowiedzi

%Państwo% Poprawnych
98.2Arabia Saudyjska
91%
90-94.7Egipt
91%
95.7Irak
91%
99.4Iran
91%
89.5Turcja
89%
77.5Katar
87%
99Maroko
87%
96.5Pakistan
87%
87Syria
87%
99Algieria
86%
99.2Jemen
86%
86Oman
85%
76Zjednoczone Emiraty Arabskie
85%
97Sudan
82%
99.7Afganistan
81%
97Libia
81%
98.3Niger
81%
53.5Nigeria
79%
74.6Kuwejt
77%
97.9Tadżykistan
77%
99.8Tunezja
76%
99.8Somalia
75%
93.7Turkmenistan
75%
88.7Uzbekistan
75%
87.2Indonezja
74%
70.2Kazachstan
74%
57.7Liban
73%
58Czad
72%
80Kirgistan
72%
96.9Azerbejdżan
71%
73.7Bahrajn
70%
97.2Jordania
70%
58.8Albania
67%
99.9Mauretania
66%
95Mali
65%
96.1Senegal
64%
61.3Malezja
61%
36-51.6Erytrea
59%
90.4Bangladesz
57%
50.7Bośnia i Hercegowina
56%
95.6Kosowo
55%
97Dżibuti
49%
89.1Gwinea
48%
100Malediwy
47%
95.7Gambia
45%
78.8Brunei
41%
61.5Burkina Faso
38%
98.3Komory
36%
97.5Palestyna
36%
78.6Sierra Leone
34%
99.4Sahara Zachodnia
21%

Rozkład punktacji

Percentyl według liczby udzielonych odpowiedzi

Procent ludzi z każdym wynikiem

Twoja historia wyników

Nie rozwiązałeś tego quizu